000 00297nam a22001337a 4500
008 170424b xxu||||| |||| 00| 0 eng d
020 _a9780471121084
041 _aeng
080 _26TH
_a547
100 _a12
101 _aSHM
245 _aORGANIC CHEMISTRY
_cSOLOMONS, T.W.G
942 _2udc
_cBK
999 _c11603
_d11603